La Información y la planificación territorial y urbana / J. N. Jackson
Descripción Física:
163 p. ; 22 cm
Colección:
Biblioteca universitaria Labor ; 31
MARC
| LEADER | 00000nam a2200000Ia 4500 | ||
|---|---|---|---|
| 001 | 1768 | ||
| 008 | 160829s1973 xx 000 0 cat d | ||
| 080 | |a B-1-353 | ||
| 100 | |a Jackson, J. N. |9 30913 | ||
| 245 | |a La Información y la planificación territorial y urbana / J. N. Jackson | ||
| 260 | |a Barcelona : |b Labor, |c 1973 | ||
| 300 | |a 163 p. ; |c 22 cm | ||
| 490 | |a Biblioteca universitaria Labor ; 31 | ||
| 650 | |a Urbanisme |9 30914 | ||
| 650 | 0 | |a Ordenació del territori |9 33807 | |
| 901 | |a Arxiu | ||
| 942 | |n 1 | ||
| 952 | |0 0 |1 0 |4 0 |6 B1353 |7 1 |9 45569 |a Arxiu |b Arxiu |d 2016-12-01 |l 0 |o B-1-353 |p 1768 |r 2016-12-01 00:00:00 |w 2016-12-01 |y ARXIU | ||
| 999 | |c 48737 |d 48737 | ||